书目信息 |
| 题名: |
信号与线性系统分析习题集
|
|
| 作者: | 王瑞英 主编 | |
| 分册: | ||
| 出版信息: | 北京 中国铁道出版社 1984 |
|
| 页数: | 300页 | |
| 开本: | 25cm | |
| 丛书名: | ||
| 单 册: | ||
| 中图分类: | U284-44 , TN911-44 | |
| 科图分类: | ||
| 主题词: | 铁路信号-线性系统--高等学校--习题 , 线性系统-铁路信号--高等学校--习题 , 通信理论 | |
| 电子资源: | ||
| ISBN: | ||
| 000 | 00820nam0 2200289 45 | |
| 001 | 0184010873 | |
| 005 | 20040517150534.0 | |
| 010 | @dCNY3.55 | |
| 091 | @a15043.4173 | |
| 100 | @a19950407d1984 em y0chiy0121 ea | |
| 101 | 0 | @achi |
| 102 | @aCN@b110000 | |
| 105 | @ay qj 000yy | |
| 106 | @ar | |
| 200 | 10 | @a信号与线性系统分析习题集@Axin hao yu xian xing xi tong fen xi xi ti ji@f王瑞英主编 |
| 210 | @a北京@c中国铁道出版社@d1984 | |
| 215 | @a300页@d25cm | |
| 300 | @a高等学校试用教材 | |
| 606 | @a铁路信号-线性系统@x高等学校@x习题 | |
| 606 | @a线性系统-铁路信号@x高等学校@x习题 | |
| 606 | 0 | @a通信理论 |
| 690 | @aU284-44@v3 | |
| 690 | @aTN911-44 | |
| 701 | 0 | @a王瑞英@Awang rui ying@4主编 |
| 801 | 0 | @aCN@b上海图书馆@c20040517 |
| 801 | 2 | @aCN@bNLC@c20040517 |
| 905 | @f4@b128662-665@dTN911-44@e23 | |
| 信号与线性系统分析习题集/王瑞英主编.-北京:中国铁道出版社,1984 |
| 300页;25cm |
| 高等学校试用教材 |
| ISBN :CNY3.55 |
| ● |
| 相关链接 |
|
|
|
|
正题名:信号与线性系统分析习题集
索取号:TN911-44/23
 
预约/预借
| 序号 | 登录号 | 条形码 | 馆藏地/架位号 | 状态 | 备注 |
| 1 | 0128662 | 001322429 | 第三借阅区/ [索取号:TN911-44/23] | 在馆 | |
| 2 | 0128663 | 001322777 | 密集书库/ [索取号:TN911-44/23] | 在馆 | |
| 3 | 0128664 | 001322811 | 密集书库/ [索取号:TN911-44/23] | 在馆 | |
| 4 | 0128665 | 001322857 | 密集书库/ [索取号:TN911-44/23] | 在馆 | |
| 5 | 0128666 | 202103311 | 第二样本阅览室/ [索取号:TN911-44/23] | 在馆 |